The Powers-of-Attorney Act: Act No.VII of 1882 (Record no. 354814)

000 -LEADER
fixed length control field 00380cam a22001217a 4500
008 - FIXED-LENGTH DATA ELEMENTS--GENERAL INFORMATION
fixed length control field 180718b1992 xxu||||| |||| 00| 0 eng d
082 ## - DEWEY DECIMAL CLASSIFICATION NUMBER
Classification number H503x54 Sh13
100 ## - MAIN ENTRY--PERSONAL NAME
Personal name Shah, Dhirajlal P.
245 ## - TITLE STATEMENT
Title The Powers-of-Attorney Act: Act No.VII of 1882
Statement of responsibility, etc. by Dhirajlal P. Shah
260 ## - PUBLICATION, DISTRIBUTION, ETC.
Place of publication, distribution, etc. Bombay
Name of publisher, distributor, etc. N.M. Tripathi
Date of publication, distribution, etc. 1992
300 ## - PHYSICAL DESCRIPTION
Extent 66p.
650 ## - SUBJECT ADDED ENTRY--TOPICAL TERM
Topical term or geographic name entry element Judicial procedure - Legislation - India
Holdings
Withdrawn status Lost status Damaged status Not for loan Permanent Location Current Location Date acquired Full call number Barcode Date last seen Price effective from Koha item type
        Indian Institute of Public Administration Indian Institute of Public Administration 1993-12-14 H503x54 Sh13 67236 2018-07-21 2018-07-21 Book

Powered by Koha